000 00217 a2200097 4500
001 48595
100 _aChant, C
245 _aAviation an illustrated history
260 _aLondon
_bOrbis pub
_c
090 _c31522
_d31522
942 _aNUST-CAE
_cM
_c23917
999 _c283668
_d283668